000 00644nam a2200205 4500
001 116300
003 ES-MaACL
005 20231025172411.0
007 t|
008 061121s1980 sp r ||||1| spa d
100 1 _aOsorio, Alfonso.
_987764
245 1 0 _aTrayectoria política de un ministro de la Corona /
_cAlfonso Osorio.
250 _a1ª. ed.
260 _aBarcelona :
_bPlaneta,
_c1980.
300 _a374 p. :
_bil. ;
_c24 cm.
490 1 _aEspejo de España. biografías y memorias ;
_v64
830 0 _aEspejo de España. Biografías y memorias
_v64
_9180516
852 _aES-MaACL
_jL-6508
_bR.107362
999 _c116300
_d116300